Most Dangerous Countries for Tourists - Statistics

General Stats
  • This quiz has been taken 157 times
  • The average score is 16 of 25
Answer Stats
Hint Answer % Correct
1. Afghanistan
92%
3. Iraq
91%
2. Syria
91%
6. Somalia
89%
10. Democratic Republic of the Congo
82%
20. Pakistan
81%
11. Sudan
81%
5. Yemen
79%
24 North Korea
78%
4. South Sudan
77%
12. Niger
75%
7. Libya
73%
9. Central African Republic
72%
8. Chad
71%
19. Venezuela
71%
17. Egypt
53%
16. Haiti
51%
18. Algeria
48%
13. Burkina Faso
45%
23. El Salvador
43%
22. South Africa
42%
15. Cameroon
41%
14. Burundi
40%
21. Guatemala
33%
25. Papua New Guinea
28%
No matching quizzes found
Score Distribution
Percent of People with Each Score
Percentile by Number Answered
Your Score History
You have not taken this quiz